000 00372nam a22001457a 4500
003 MACL
005 20151105155853.0
008 151105b xxu||||| |||| 00| 0 eng d
040 _cMACL
041 _aEnglish
100 _aVarun Gupta
_917312
245 _aQuantitative Aptitude For Competitive Examinations
260 _aNew Delhi
_bLexis Nexis
_c2015
942 _2ddc
_cBK
999 _c50566
_d50566